00575 2200229 4500001002100000005001500021035002000036007000300056008004100059020002000100082001300120084001900133100001900152245002500171250000600196260003600202300002900238650001200267650001500279856002900294990002200323INLIS00000000000728620250305074601 a0010-0325000011ta250305 0 ind  a978-623-7868316 a398.2095 a398.2095 RAH a1 aRAHMAN, Rian F1 aAku Cinta Kebersihan a- aJakarta :bLingkar Media,c2000 a24p. :bilus ;c19 cme- 4aTematik 4aKebersihan aPerpustakaan BPSIP JATIM a99/2025/BSIPJATIM